|
|
|
|
| LEADER |
01589nam a2200265 4500 |
| 001 |
10114453 |
| 003 |
upatras |
| 005 |
20210117205212.0 |
| 008 |
141112s2014 lu gre |
| 020 |
|
|
|a 9789287208613
|
| 040 |
|
|
|a GR-PaULI
|e AACR2
|c GR-PaULI
|
| 041 |
0 |
|
|a gre
|
| 082 |
0 |
4 |
|a 363.739
|
| 110 |
|
0 |
|a Ευρωπαϊκό Ελεγκτικό Συνέδριο
|9 49562
|
| 245 |
1 |
0 |
|a Με ποιον τρόπο υπολογίζουν, περιορίζουν και αντισταθμίζουν τα θεσμικά και λοιπά όργανα της ΕΕ τα αέρια θερμοκηπίου που εκπέμπουν;
|b (υποβαλλόμενη δυνάμει του άρθρου 287, παράγραφος 4, δεύτερο εδάφιο, ΣΛΕΕ)
|c Ευρωπαϊκό Ελεγκτικό Συνέδριο
|
| 260 |
|
|
|a Λουξεμβούργο
|b Υπηρεσία Εκδόσεων της Ευρωπαϊκής Ένωσης
|c 2014
|
| 300 |
|
|
|a 66 σ.
|b πιν.
|c 30 εκ.
|
| 490 |
0 |
|
|a Ευρωπαϊκό Ελεγκτικό Συνέδριο. Ειδική έκθεση : 2014
|v 14
|
| 650 |
|
4 |
|a Ατμοσφαιρική ρύπανση
|z Ευρώπη
|9 46650
|
| 760 |
0 |
|
|a Ειδική έκθεση
|g 14
|
| 852 |
|
|
|a GR-PaULI
|b ΠΑΤΡΑ
|b ΒΚΠ
|b ΚΕΤ
|h 363.739 ΕΥΡ
|m 069354
|p 025000233390
|t 1
|
| 942 |
|
|
|2 ddc
|
| 952 |
|
|
|0 0
|1 0
|4 0
|6 363_739000000000000_ΕΥΡ
|7 0
|9 171577
|a LISP
|b LISP
|c EDC
|d 2016-04-24
|i 069354
|l 0
|o 363.739 ΕΥΡ
|p 025000233390
|r 2016-04-24 00:00:00
|t 1
|w 2016-04-24
|y BK15
|
| 998 |
|
|
|c ΜΠΟΥΡΑΣ
|d 2014-11
|
| 999 |
|
|
|c 107354
|d 107354
|